000 00316nam a2200133Ia 4500
008 100328s9999 xx 000 0 und d
082 _b14868
100 _aGardener Erle Stanley
245 _aDubious Bridegroom
260 _b---
630 _aDubious Bridegroom
730 _aDubious Bridegroom
942 _cBOOK
999 _c509759
_d509756